| 000 | 00805nam a22002777a 4500 | ||
|---|---|---|---|
| 003 | CHAP | ||
| 005 | 20220329135902.0 | ||
| 008 | 971013s1956 r 00010 d | ||
| 010 | _a43768 | ||
| 011 | _a44740 | ||
| 035 | _a48878 | ||
| 040 | _cCHAP | ||
| 082 |
_a423 _bF85 |
||
| 100 | 0 | 0 |
_aFunk, Charles Earle _eed _944049 |
| 245 | _aNew College standard dictionary | ||
| 260 |
_aNew York : _bFunk & Wagnalls, _c1956 |
||
| 300 |
_a1406 p. _b: ilus. |
||
| 590 |
_aBATCH-UPD _b10 _c20130110 _lUCH01 _h1903 |
||
| 590 |
_aBATCH-UPD _b10 _c20130410 _lUCH01 _h1230 |
||
| 590 |
_aBATCH-UPD _b10 _c20130914 _lUCH01 _h1451 |
||
| 590 |
_aCONVERSION _b10 _c20130109 _lUCH01 _h1324 |
||
| 650 | 1 | 4 |
_aInglés _xDiccionarios. _958332 |
| 901 | _aBK | ||
| 942 | _cLIBRO | ||
| 949 |
_a423 F85 _bBC _cC _d33724000669396 _eC _i48878 _si |
||
| 999 |
_c43768 _d43768 |
||